| 000 | 00886 a2200205 4500 | ||
|---|---|---|---|
| 003 | Nust | ||
| 005 | 20221116143039.0 | ||
| 010 | _a 78027210 | ||
| 020 | _a0673152170 | ||
| 040 | _cNust | ||
| 082 | 0 | 0 | _a512.9,MIL |
| 100 | 1 | _aMiller, Charles David, | |
| 245 | 1 | 0 |
_aIntroductory algebra : _ba worktext / _cCharles D. Miller, Margaret L. Lial. |
| 260 |
_aGlenview, Ill. : _bScott, Foresman, _cc1979. |
||
| 300 |
_axiv, 461 p. : _bill. ; _c28 cm. |
||
| 505 | _aNumber systems (Page-1), Operations with the Real Number (Page-35), Solving Equations and Inequalities (Page-79), Polynomials (Page-141), Factoring (Page-193), Rational Expressions (Page-237), Graphing Linear Equations (Page-275), Linear System (Page-307), Roots And Radicals (Page-347), Quadratic Equations (Page-383). | ||
| 650 | 0 |
_aAlgebra. _98509 |
|
| 700 | 1 |
_aLial, Margaret L., _9102087 |
|
| 942 |
_2ddc _cBK _k512.9,MIL |
||
| 999 |
_c182283 _d182283 |
||